Modern communication systems using MATLAB / (Record no. 17775)
[ view plain ]
| 000 -LEADER | |
|---|---|
| fixed length control field | 00875nam a22002417a 4500 |
| 008 - FIXED-LENGTH DATA ELEMENTS--GENERAL INFORMATION | |
| fixed length control field | 131202t2013 xxua|||fr|||| 001 0 eng d |
| 020 ## - INTERNATIONAL STANDARD BOOK NUMBER | |
| International Standard Book Number | 813151885X |
| 020 ## - INTERNATIONAL STANDARD BOOK NUMBER | |
| International Standard Book Number | 9788131518854 |
| 082 04 - DEWEY DECIMAL CLASSIFICATION NUMBER | |
| Edition number | 22 |
| Classification number | 621.38216 |
| Item number | PRO |
| 100 1# - MAIN ENTRY--PERSONAL NAME | |
| 9 (RLIN) | 33146 |
| Personal name | Proakis, John G. |
| 245 10 - TITLE STATEMENT | |
| Title | Modern communication systems using MATLAB / |
| Statement of responsibility, etc | John G. Proakis, Masoud Salehi, Gerhard Bauch. |
| 250 ## - EDITION STATEMENT | |
| Edition statement | 3rd ed. |
| 260 ## - PUBLICATION, DISTRIBUTION, ETC. (IMPRINT) | |
| Place of publication, distribution, etc | Andover : |
| Name of publisher, distributor, etc | Cengage Learning, |
| Date of publication, distribution, etc | c.2013. |
| 300 ## - PHYSICAL DESCRIPTION | |
| Extent | vii ; 580 p. : |
| Other physical details | ill. ; |
| Dimensions | 24 cm. |
| 504 ## - BIBLIOGRAPHY, ETC. NOTE | |
| Bibliography, etc | Includes bibliographical references (p. 573-574) and index. |
| 650 #0 - SUBJECT ADDED ENTRY--TOPICAL TERM | |
| Topical term or geographic name as entry element | Data transmission systems |
| General subdivision | Computer simulation. |
| 9 (RLIN) | 34519 |
| 650 #0 - SUBJECT ADDED ENTRY--TOPICAL TERM | |
| Topical term or geographic name as entry element | Telecommunication systems |
| General subdivision | Computer simulation |
| 9 (RLIN) | 34520 |
| 653 ## - INDEX TERM--UNCONTROLLED | |
| Resource For college | |
| Arrived date list | December2013 |
| 655 ## - INDEX TERM--GENRE/FORM | |
| Form subdivision | |
| -- | 33728 |
| 700 ## - ADDED ENTRY--PERSONAL NAME | |
| 9 (RLIN) | 34517 |
| Personal name | Salehi, Masoud |
| 700 ## - ADDED ENTRY--PERSONAL NAME | |
| 9 (RLIN) | 34518 |
| Personal name | Bauch, Gerhard |
| 942 ## - ADDED ENTRY ELEMENTS (KOHA) | |
| Source of classification or shelving scheme | Dewey Decimal Classification |
| Item type | Book - Borrowing |
| Call number prefix | 621.38216 PRO |
| Withdrawn status | Item status | Source of classification or shelving scheme | Damaged status | Not for loan | Vendor | Home library | Current library | Shelving location | Date acquired | Source of acquisition | Total Checkouts | Full call number | Barcode | Date last seen | Koha item type | Date last borrowed | Total Renewals |
|---|---|---|---|---|---|---|---|---|---|---|---|---|---|---|---|---|---|
| Dewey Decimal Classification | Baccah | Central Library | Central Library | First floor | 02/12/2013 | 621.38216 PRO | 000029649 | 15/07/2025 | NB - Book (Non borrowing) | ||||||||
| Dewey Decimal Classification | Baccah | Central Library | Central Library | First floor | 02/12/2013 | 1 | 621.38216 PRO | 000029650 | 15/07/2025 | Book - Borrowing | 07/10/2015 | ||||||
| Dewey Decimal Classification | Baccah | Central Library | Central Library | First floor | 02/12/2013 | 621.38216 PRO | 000029651 | 15/07/2025 | Book - Borrowing | ||||||||
| Dewey Decimal Classification | Baccah | Central Library | Central Library | First floor | 02/12/2013 | 2 | 621.38216 PRO | 000029652 | 15/07/2025 | Book - Borrowing | 17/12/2017 | 1 |